| 000 | 01054nam a2200253Ia 4500 | ||
|---|---|---|---|
| 999 |
_c52988 _d52988 |
||
| 001 | 20019 | ||
| 003 | GE_BSU | ||
| 005 | 20250414120301.0 | ||
| 008 | 181216s2011||||ge |||||||||||||| ||geo|| | ||
| 020 | _a978-9941-422-76-8 | ||
| 040 | _cGE_BSU | ||
| 041 | _ageo | ||
| 080 | _a821.111-311.3 რ-57 | ||
| 100 |
_aრიდი, თომას მაინ (1818-1883) _924778 |
||
| 245 |
_aუთავო მხედარი : _bრომანი / _cმაინ რიდი ; ელგუჯა მაღრაძის თარგმანი. |
||
| 264 |
_aთბილისი : _bპალიტრა L, _c2011. |
||
| 300 |
_a560 გვ. ; _c21 სმ. |
||
| 490 |
_a50 წიგნი, რომელიც უნდა წაიკითხო, სანამ ცოცხალი ხარ, 1987-9628 ; _vწ. 14 |
||
| 541 | _h12ლ. | ||
| 653 | _aრომანი | ||
| 653 | _aუთავო მხედარი | ||
| 700 |
_aმაღრაძე, ელგუჯა _eთარგმანი _924779 |
||
| 942 |
_cBK _2udc |
||